Statistics for SZA - Ghost in the Machine (ft. Phoebe Bridgers) (All Lyrics)

Click here to take the quiz!

General Stats

  • This quiz has been taken 43 times
  • The average score is 274 of 346

Answer Stats

Answer% Correct
boring
94%
I
94%
so
94%
a
91%
conversation
91%
Everything
91%
after?
89%
an
89%
call
89%
Can
89%
disaster?
89%
fuck,
89%
hate
89%
is
89%
it
89%
laughter?
89%
me
89%
need
89%
not
89%
on
89%
the
89%
to
89%
touch
89%
wanna
89%
You
89%
you
89%
about
86%
and
86%
Craving
86%
don't,
86%
don't
86%
happy
86%
happy?
86%
humanity
86%
humanity,
86%
in
86%
password?
86%
sleep
86%
sleep,
86%
with
86%
agree,
83%
all
83%
from
83%
just
83%
make
83%
did
80%
distract
80%
eat,
80%
first
80%
for
80%
give
80%
keep
80%
lead
80%
love
80%
mask
80%
what?
80%
A.I.,
77%
disgusting,
77%
of
77%
fucking
74%
got
74%
my
74%
vanity
74%
What's
74%
get
71%
you're
71%
You're
71%
asshole
69%
be
69%
drowning
69%
feel
69%
free
69%
Let's
69%
scared
69%
Scared
69%
Screaming
69%
talk
69%
that
69%
Waiting
69%
wrong,
69%
are
66%
bar
66%
heard,
66%
Heard
66%
hotel
66%
lobby
66%
payroll
66%
unusual
66%
airport
63%
at
63%
clean
63%
everybody,
63%
future
63%
I'm
63%
It's
63%
Robot
63%
robot
63%
was
63%
yours
63%
ark?
60%
beautiful,
60%
everyone
60%
friends
60%
more
60%
power
60%
down,
57%
like
57%
look
57%
myself
57%
open
57%
open,
57%
own
57%
somebody
57%
think
57%
where
57%
wide
57%
autopilot,
54%
existential
54%
mutual
54%
respect,
54%
said
54%
Standing
54%
than
54%
heart
51%
how
51%
mind
51%
awake
49%
But
49%
or
49%
reflect
49%
out
46%
forget
40%
giving
40%
godlike,
34%
ain't
29%
Ludlow
29%
can't
26%
Anybody
14%

Score Distribution

Percentile by Number Answered

Percent of People with Each Score

Your Score History

You have not taken this quiz